[Event "FIDE WCC Blitz Women 2019"]
[Site "Moscow"]
[Date "2019.12.30"]
[Round "15.27"]
[White "Enkhtuul, Altan-Ulzii"]
[Black "Batsiashvili, Nino"]
[Result "0-1"]
[WhiteElo "2149"]
[BlackElo "2259"]
[Annotator "NA"]
[PlyCount "140"]
[EventDate "2019.12.29"]
[EventType "swiss"]
[EventCountry "RUS"]
[SourceTitle "playchess.com"]
[Source "ChessBase"]
[SourceQuality "1"]

1. d4 Nf6 2. Bf4 d5 3. e3 c5 4. c3 Qb6 5. Na3 a6 6. Qb3 Qxb3 7. axb3 e6 8. Nb5 Kd8 9. Nc7 Ra7 10. Nxe6+ Bxe6 11. Bxb8 Ra8 12. Bg3 Ne4 13. Bd3 Nxg3 14. hxg3 h6 15. dxc5 Bxc5 16. Nf3 Ke7 17. O-O g5 18. Rfd1 h5 19. Nxg5 h4 20. Nxe6 fxe6 21. gxh4 Rxh4 22. g3 Rg8 23. Bf1 Rhg4 24. Bg2 Bxe3 25. fxe3 Rxg3 26. Rd2 Rxe3 27. Rf1 Reg3 28. Kh2 R3g5 29. Rdf2 Kd6 30. Rf6 Rxg2+ 31. Kh1 Rxb2 32. Re1 Re8 33. b4 Rc2 34. Re3 b6 35. Rh6 a5 36. Rh7 axb4 37. cxb4 Rb2 38. Rh4 Rc8 39. Re1 Rc4 40. Rh6 Re4 41. Rc1 Rbxb4 42. Kg2 Rb2+ 43. Kf3 Rb3+ 44. Kf2 Rf4+ 45. Kg2 b5 46. Rh8 Rc4 47. Ra1 Rc2+ 48. Kf1 b4 49. Rd8+ Ke7 50. Rb8 d4 51. Ra7+ Kf6 52. Rf8+ Ke5 53. Ra5+ Ke4 54. Ra1 e5 55. Rd8 Rf3+ 56. Kg1 b3 57. Re1+ Re3 58. Rf1 b2 59. Rb8 Rg3+ 60. Kh1 Rc1 61. Rxb2 Rxf1+ 62. Kh2 Rff3 63. Kh1 Rc3 64. Kh2 Rge3 65. Rg2 d3 66. Rg4+ Kd5 67. Rg8 Rc2+ 68. Kh1 Re1+ 69. Rg1 Rxg1+ 70. Kxg1 d2 0-1

[Event "FIDE WCC Blitz Women 2019"]
[Site "Moscow"]
[Date "2019.12.30"]
[Round "15.28"]
[White "Solozhenkina, Elizaveta"]
[Black "Goltseva, Ekaterina"]
[Result "0-1"]
[WhiteElo "2214"]
[BlackElo "2143"]
[Annotator "NA"]
[PlyCount "106"]
[EventDate "2019.12.29"]
[EventType "swiss"]
[EventCountry "RUS"]
[SourceTitle "playchess.com"]
[Source "ChessBase"]
[SourceQuality "1"]

1. e4 e5 2. Nf3 Nc6 3. Nc3 Nf6 4. Bb5 Bb4 5. O-O O-O 6. d3 d6 7. Bg5 Ne7 8. Nh4 c6 9. Ba4 Be6 10. Bxf6 gxf6 11. Qh5 Bxc3 12. bxc3 Kh8 13. Bb3 Qd7 14. h3 Ng6 15. Kh2 Rg8 16. Qh6 Qe7 17. Nf5 Qd7 18. Ng3 a5 19. a4 b5 20. Rfe1 d5 21. Nh5 Qd8 22. axb5 cxb5 23. exd5 Bf5 24. Re3 a4 25. Ba2 Ra6 26. Rf3 Bc8 27. Rg3 f5 28. Qd2 Qd6 29. Kh1 Bd7 30. Rf3 Raa8 31. Qe2 Rae8 32. Rb1 e4 33. dxe4 Rxe4 34. Qd3 Ne5 35. Qd1 Nxf3 36. Qxf3 Qg6 37. Ng3 Re5 38. Rb4 Rge8 39. Rh4 Rg8 40. Kh2 Qg5 41. Rh5 Qg6 42. Qf4 Qf6 43. d6 Ree8 44. Bd5 Be6 45. Bc6 Rc8 46. Bxb5 Rxc3 47. Bxa4 Rc4 48. Qd2 Rxa4 49. d7 Rd8 50. Rh6 Qg7 51. Nh5 Qe5+ 52. f4 Qd4 53. Qf2 Qxf2 0-1

[Event "FIDE WCC Blitz Women 2019"]
[Site "Moscow"]
[Date "2019.12.30"]
[Round "15.29"]
[White "Doluhanova, Evgeniya"]
[Black "Cramling, Pia"]
[Result "0-1"]
[WhiteElo "2222"]
[BlackElo "2383"]
[Annotator "NA"]
[PlyCount "134"]
[EventDate "2019.12.29"]
[EventType "swiss"]
[EventCountry "RUS"]
[SourceTitle "playchess.com"]
[Source "ChessBase"]
[SourceQuality "1"]

1. Nf3 d5 2. b3 Bg4 3. Bb2 Bxf3 4. exf3 e6 5. f4 Nf6 6. g3 g6 7. Bg2 Bg7 8. O-O O-O 9. d3 c5 10. Nd2 Nc6 11. Nf3 d4 12. Ne5 Nxe5 13. fxe5 Nd5 14. Qe2 Rc8 15. Rfe1 Qd7 16. f4 Rfe8 17. Rac1 b5 18. a3 a5 19. h4 h5 20. Be4 Rc7 21. Qf3 Rd8 22. Rcd1 Ra7 23. Bc1 a4 24. bxa4 Rxa4 25. Rd2 b4 26. axb4 Rxb4 27. g4 hxg4 28. Qxg4 Ne3 29. Qg3 Nf5 30. Bxf5 exf5 31. h5 Rb6 32. Rg2 Qd5 33. Bd2 Ra8 34. Qg5 Qe6 35. Kf2 Ra2 36. Rc1 Rb8 37. hxg6 fxg6 38. Qxg6 Qxg6 39. Rxg6 Kf7 40. Rc6 Rb5 41. Rc7+ Kf8 42. Ke2 Rb6 43. Rg1 Bh6 44. Rh1 Rg6 45. Be1 Rxc2+ 46. Kf3 Rc1 47. Rc8+ Kf7 48. Rh8 Bg7 49. R8h2 c4 50. dxc4 Rxc4 51. Ra2 Rgc6 52. Ra7+ Rc7 53. Rxc7+ Rxc7 54. Ke2 Ke6 55. Kd3 Kd5 56. Rh7 Ra7 57. Bd2 Ra3+ 58. Ke2 Rg3 59. Kd1 Ke4 60. e6 Rg1+ 61. Ke2 Rg2+ 62. Kd1 Rg1+ 63. Kc2 d3+ 64. Kb3 Rb1+ 65. Kc4 Rb7 66. Kc5 Bf8+ 67. Kc6 Rxh7 0-1

[Event "FIDE WCC Blitz Women 2019"]
[Site "Moscow"]
[Date "2019.12.30"]
[Round "15.30"]
[White "Manakova, Maria"]
[Black "Pourkashiyan, Atousa"]
[Result "0-1"]
[WhiteElo "2149"]
[BlackElo "2327"]
[Annotator "NA"]
[PlyCount "118"]
[EventDate "2019.12.29"]
[EventType "swiss"]
[EventCountry "RUS"]
[SourceTitle "playchess.com"]
[Source "ChessBase"]
[SourceQuality "1"]

1. e4 c5 2. Nf3 e6 3. d4 cxd4 4. Nxd4 a6 5. Nc3 Qc7 6. Be2 Nf6 7. O-O d6 8. a4 b6 9. f4 Nbd7 10. Bf3 Bb7 11. e5 dxe5 12. fxe5 Nxe5 13. Bxb7 Qxb7 14. Qe2 Ng6 15. Nxe6 fxe6 16. Qxe6+ Be7 17. Bg5 Qd7 18. Qb3 Bc5+ 19. Kh1 O-O-O 20. a5 b5 21. Bxf6 gxf6 22. Rxf6 Kb7 23. h3 Ne5 24. Ne4 Ba7 25. Rd6 Qc7 26. Qd5+ Nc6 27. Rd1 Rxd6 28. Nxd6+ Kb8 29. Nf7 Rc8 30. Qe6 Qe7 31. Qxe7 Nxe7 32. Rd7 Nf5 33. g4 Nh4 34. Nd6 Rf8 35. Kh2 Ka8 36. Rxh7 Bb8 37. Rxh4 Bxd6+ 38. Kg2 Bc5 39. Rh6 Kb7 40. Rh7+ Kc6 41. Rh6+ Kd5 42. Rxa6 Rf2+ 43. Kg3 Rxc2 44. g5 Rxb2 45. g6 Bd4 46. Kg4 Rg2+ 47. Kf5 b4 48. Ra8 b3 49. Rd8+ Kc4 50. Rc8+ Kd3 51. a6 b2 52. Rb8 Rf2+ 53. Ke6 Rf1 54. Rxb2 Bxb2 55. a7 Ra1 56. g7 Bxg7 57. h4 Rxa7 58. h5 Ra5 59. Kf7 Rxh5 0-1

[Event "FIDE WCC Blitz Women 2019"]
[Site "Moscow"]
[Date "2019.12.30"]
[Round "15.31"]
[White "Kovalevskaya, Ekaterina"]
[Black "Atalik, Ekaterina"]
[Result "0-1"]
[WhiteElo "2286"]
[BlackElo "2211"]
[Annotator "NA"]
[PlyCount "72"]
[EventDate "2019.12.29"]
[EventType "swiss"]
[EventCountry "RUS"]
[SourceTitle "playchess.com"]
[Source "ChessBase"]
[SourceQuality "1"]

1. e4 c6 2. Nc3 d5 3. d4 dxe4 4. Nxe4 Bf5 5. Ng3 Bg6 6. Nf3 e6 7. Bd3 Nf6 8. O-O Be7 9. c4 O-O 10. Bxg6 hxg6 11. Bf4 c5 12. Qb3 cxd4 13. Qxb7 Nbd7 14. Rfd1 Nc5 15. Qc7 Qxc7 16. Bxc7 Rfc8 17. Be5 d3 18. b3 a5 19. Bd4 Rd8 20. Rab1 Rac8 21. Be3 Nfe4 22. Nxe4 Nxe4 23. Bd2 Bb4 24. Bxb4 axb4 25. Rb2 Nc3 26. Rdd2 Rd7 27. Ne1 Rcd8 28. f3 e5 29. Kf2 e4 30. Ke3 f5 31. fxe4 fxe4 32. g3 g5 33. h4 Rf7 34. hxg5 Rf1 35. Ng2 Nd1+ 36. Rxd1 Rxd1 0-1

[Event "FIDE WCC Blitz Women 2019"]
[Site "Moscow"]
[Date "2019.12.30"]
[Round "15.32"]
[White "Ambartsumova, Karina"]
[Black "Khomeriki, Nino"]
[Result "1-0"]
[WhiteElo "2254"]
[BlackElo "2177"]
[Annotator "NA"]
[PlyCount "123"]
[EventDate "2019.12.29"]
[EventType "swiss"]
[EventCountry "RUS"]
[SourceTitle "playchess.com"]
[Source "ChessBase"]
[SourceQuality "1"]

1. c4 e5 2. Nc3 Nc6 3. Nf3 g6 4. e3 Bg7 5. d4 d6 6. Be2 Nge7 7. O-O O-O 8. d5 Nb8 9. e4 a5 10. Ne1 Na6 11. Nd3 f5 12. f4 fxe4 13. Nxe4 exf4 14. Nxf4 Nf5 15. Bd3 Nc5 16. Nxc5 dxc5 17. Qe1 Re8 18. Qd1 Bd4+ 19. Kh1 Qh4 20. Qf3 Bd7 21. Bd2 Rf8 22. Rae1 Nh6 23. g3 Qf6 24. Qg2 Ng4 25. b3 Qg7 26. h3 Ne5 27. Bc2 Rae8 28. Kh2 b6 29. Bd1 Bf5 30. g4 Bd7 31. Re4 g5 32. Nh5 Qg6 33. Ree1 Qd6 34. Kh1 Ng6 35. Rxf8+ Rxf8 36. Rf1 Nh4 37. Qe2 Re8 38. Qd3 Qg6 39. Qxg6+ hxg6 40. Nf6+ Bxf6 41. Rxf6 Re4 42. Rf1 Rd4 43. Bxg5 Rd3 44. Kh2 Nf5 45. gxf5 Bxf5 46. Bg4 Kg7 47. Bxf5 gxf5 48. Rxf5 Kg6 49. Re5 Rf3 50. h4 Rf2+ 51. Kg3 Rxa2 52. Re6+ Kf5 53. Rc6 Rb2 54. Rxc7 Rxb3+ 55. Kf2 a4 56. d6 a3 57. d7 a2 58. Ra7 Rb2+ 59. Ke3 Rb3+ 60. Kd2 Rb2+ 61. Kc3 Rb1 62. Rxa2 1-0

[Event "FIDE WCC Blitz Women 2019"]
[Site "Moscow"]
[Date "2019.12.30"]
[Round "15.33"]
[White "Nebolsina, Vera"]
[Black "Belenkaya, Dina"]
[Result "1-0"]
[WhiteElo "2252"]
[BlackElo "2203"]
[Annotator "NA"]
[PlyCount "102"]
[EventDate "2019.12.29"]
[EventType "swiss"]
[EventCountry "RUS"]
[SourceTitle "playchess.com"]
[Source "ChessBase"]
[SourceQuality "1"]

1. e4 d5 2. exd5 Qxd5 3. Nc3 Qa5 4. Bc4 Bf5 5. d3 e6 6. Nge2 Nf6 7. Bd2 Qb6 8. O-O Be7 9. Be3 c5 10. b4 Nbd7 11. bxc5 Nxc5 12. Rb1 Qc7 13. Bf4 Qc8 14. Nb5 O-O 15. Nd6 Bxd6 16. Bxd6 Rd8 17. Bxc5 Qxc5 18. Rxb7 Bg4 19. Rb5 Qxc4 20. dxc4 Rxd1 21. Rxd1 Bxe2 22. Rdb1 g6 23. Rb8+ Rxb8 24. Rxb8+ Kg7 25. c5 Nd5 26. c6 Ba6 27. Rb7 Kf8 28. Rxa7 Bc8 29. Ra8 Ne7 30. a4 Ke8 31. a5 Kd8 32. a6 Nxc6 33. a7 Kd7 34. Rxc8 Nxa7 35. Rb8 Kc7 36. Rf8 f5 37. Rf7+ Kb6 38. Rxh7 Nc6 39. Rg7 Ne5 40. Re7 Kc5 41. Rxe6 Kd5 42. Ra6 g5 43. Ra5+ Ke4 44. Rxe5+ Kxe5 45. f3 Kd4 46. Kf2 Kc3 47. g3 Kxc2 48. h4 gxh4 49. gxh4 Kd3 50. h5 Kd4 51. h6 Kd5 1-0

[Event "FIDE WCC Blitz Women 2019"]
[Site "Moscow"]
[Date "2019.12.30"]
[Round "15.34"]
[White "Munkhzul, Turmunkh"]
[Black "Guseva, Marina"]
[Result "1/2-1/2"]
[WhiteElo "2139"]
[BlackElo "2245"]
[Annotator "NA"]
[PlyCount "152"]
[EventDate "2019.12.29"]
[EventType "swiss"]
[EventCountry "RUS"]
[SourceTitle "playchess.com"]
[Source "ChessBase"]
[SourceQuality "1"]

1. e4 c5 2. Nf3 d6 3. d4 cxd4 4. Nxd4 Nf6 5. Nc3 a6 6. Be2 e5 7. Nf3 Be7 8. Bg5 Be6 9. Bxf6 Bxf6 10. O-O O-O 11. Nd5 Bxd5 12. Qxd5 Qc7 13. c3 Nd7 14. Rfd1 Be7 15. Nd2 Nf6 16. Qd3 b5 17. Nf1 g6 18. Ne3 Kg7 19. a4 bxa4 20. Rxa4 a5 21. h3 Rfb8 22. Nd5 Nxd5 23. Qxd5 Ra7 24. Bb5 Qb7 25. c4 Qxd5 26. Rxd5 Raa8 27. Rd3 Ra7 28. Rd1 h5 29. Rda1 Bd8 30. b4 Rba8 31. Bc6 Rc8 32. Bd5 Rb8 33. bxa5 Ra6 34. R4a3 Rb2 35. Rf3 Rxa5 36. Rxf7+ Kh6 37. Rxa5 Bxa5 38. Rf6 Bb4 39. h4 Bc5 40. g3 Kg7 41. Rf7+ Kh6 42. Kg2 Ra2 43. Bc6 Ra7 44. Rf6 Kg7 45. Rf3 Rf7 46. Be8 Rxf3 47. Kxf3 Kf6 48. Ke2 Bb6 49. f4 exf4 50. gxf4 Bc5 51. Kf3 Bd4 52. Kg3 Bc3 53. Kh3 Bd2 54. Kg3 Be1+ 55. Kh3 Bd2 56. e5+ dxe5 57. fxe5+ Kxe5 58. Bxg6 Kf6 59. Bxh5 Kg7 60. Kg4 Be3 61. Be8 Kh6 62. Kf5 Kg7 63. h5 Kh8 64. Kg6 Bd4 65. h6 Bc5 66. Bf7 Bd4 67. Bd5 Bc5 68. Be4 Bd4 69. Kf7 Bc5 70. Ke6 Bd4 71. Kd5 Be3 72. c5 Bxh6 73. Ke5 Be3 74. c6 Bb6 75. Kd6 Kg7 76. c7 Bxc7+ 1/2-1/2

[Event "FIDE WCC Blitz Women 2019"]
[Site "Moscow"]
[Date "2019.12.30"]
[Round "15.35"]
[White "Mamedjarova, Zeinab"]
[Black "Styazhkina, Anna"]
[Result "1-0"]
[WhiteElo "2325"]
[BlackElo "2159"]
[Annotator "NA"]
[PlyCount "64"]
[EventDate "2019.12.29"]
[EventType "swiss"]
[EventCountry "RUS"]
[SourceTitle "playchess.com"]
[Source "ChessBase"]
[SourceQuality "1"]

1. d4 d5 2. Nf3 Nf6 3. Bf4 c5 4. e3 Nc6 5. c3 e6 6. Nbd2 Be7 7. Bd3 O-O 8. O-O b6 9. Qe2 Bb7 10. dxc5 bxc5 11. e4 d4 12. cxd4 cxd4 13. Nb3 Qb6 14. e5 Nd5 15. Qe4 g6 16. Bh6 Rfd8 17. Rfd1 Ncb4 18. Qxd4 Qxd4 19. Nfxd4 Nxd3 20. Rxd3 Nb4 21. Rd2 a5 22. a3 Na6 23. Nxa5 Bd5 24. Nac6 Re8 25. Nxe7+ Rxe7 26. Nb5 Rb8 27. Nc3 Bb7 28. b4 Nc7 29. Na4 Nd5 30. Nc5 Bc6 31. Rc1 Ra8 32. Ne4 Bb5 1-0

[Event "FIDE WCC Blitz Women 2019"]
[Site "Moscow"]
[Date "2019.12.30"]
[Round "15.36"]
[White "Nomin-Erdene, Davaademberel"]
[Black "Song, Yuxin"]
[Result "1/2-1/2"]
[WhiteElo "2298"]
[BlackElo "2128"]
[Annotator "NA"]
[PlyCount "132"]
[EventDate "2019.12.29"]
[EventType "swiss"]
[EventCountry "RUS"]
[SourceTitle "playchess.com"]
[Source "ChessBase"]
[SourceQuality "1"]

1. e4 c5 2. Nf3 d6 3. d4 cxd4 4. Nxd4 e5 5. Nb5 a6 6. N5c3 Nf6 7. g3 Be6 8. Bg5 Be7 9. Bg2 Nbd7 10. a4 O-O 11. Bxf6 Nxf6 12. O-O b5 13. Nd2 Qb6 14. Qe2 Rac8 15. axb5 axb5 16. Rfc1 Bc4 17. Nxc4 bxc4 18. Rcb1 Qc5 19. Ra4 Bd8 20. Ra6 Rc6 21. Rba1 Rxa6 22. Rxa6 Qb4 23. Na4 Ba5 24. b3 cxb3 25. cxb3 Rc8 26. h3 Bd8 27. Nb2 Qxb3 28. Rxd6 Be7 29. Rd2 h6 30. Nd3 Qe6 31. Rb2 Rd8 32. Rb5 Bd6 33. Nb2 Ne8 34. Nc4 Bc7 35. Kh2 Rd4 36. Ne3 Nd6 37. Rc5 Bb6 38. Rd5 Rxd5 39. exd5 Qd7 40. Nc4 Nxc4 41. Qxc4 Bc7 42. Qe4 g6 43. h4 Qd6 44. h5 f5 45. Qa4 Kg7 46. Qe8 gxh5 47. Qxh5 Qf6 48. Qe8 Bd6 49. Qd7+ Kg6 50. Bh3 e4 51. Qe8+ Kg7 52. Kg2 f4 53. Qxe4 fxg3 54. Qg4+ Qg5 55. Qxg5+ hxg5 56. fxg3 Kf6 57. Kf3 Ke5 58. Be6 Be7 59. Kg4 Kd6 60. Kf5 Bd8 61. g4 Be7 62. Kg6 Bd8 63. Kf5 Be7 64. Kg6 Bd8 65. Kf7 Bb6 66. Kf6 Be3 1/2-1/2

[Event "FIDE WCC Blitz Women 2019"]
[Site "Moscow"]
[Date "2019.12.30"]
[Round "15.37"]
[White "Bivol, Alina"]
[Black "Maltsevskaya, Aleksandra"]
[Result "0-1"]
[WhiteElo "2186"]
[BlackElo "2280"]
[Annotator "NA"]
[PlyCount "60"]
[EventDate "2019.12.29"]
[EventType "swiss"]
[EventCountry "RUS"]
[SourceTitle "playchess.com"]
[Source "ChessBase"]
[SourceQuality "1"]

1. c4 Nf6 2. g3 g6 3. Bg2 Bg7 4. Nf3 O-O 5. d4 d6 6. O-O Nbd7 7. Nc3 e5 8. e4 exd4 9. Nxd4 Nc5 10. Re1 Ng4 11. Nb3 Ne5 12. Nxc5 dxc5 13. Qe2 Nc6 14. Nd5 Nd4 15. Qd1 c6 16. Ne3 Qe7 17. Qa4 b5 18. Qa5 b4 19. f4 Rb8 20. e5 Rb6 21. Qa4 b3 22. axb3 Ra6 23. Qxa6 Bxa6 24. Rxa6 f6 25. Bxc6 fxe5 26. Nd5 Qe6 27. fxe5 Nf3+ 28. Kf2 Nxe1+ 29. Kxe1 Qxe5+ 30. Be3 Qxb2 0-1

[Event "FIDE WCC Blitz Women 2019"]
[Site "Moscow"]
[Date "2019.12.30"]
[Round "15.38"]
[White "Osmak, Iulija"]
[Black "Badelka, Olga"]
[Result "1-0"]
[WhiteElo "2242"]
[BlackElo "2186"]
[Annotator "NA"]
[PlyCount "79"]
[EventDate "2019.12.29"]
[EventType "swiss"]
[EventCountry "RUS"]
[SourceTitle "playchess.com"]
[Source "ChessBase"]
[SourceQuality "1"]

1. e4 c5 2. c3 Nf6 3. e5 Nd5 4. Nf3 e6 5. Bc4 Nc6 6. d4 cxd4 7. cxd4 d6 8. O-O Be7 9. exd6 Qxd6 10. Nc3 Nxc3 11. bxc3 O-O 12. Bd3 b6 13. Ng5 Bxg5 14. Bxg5 Bb7 15. Qh5 f5 16. Rfe1 Na5 17. Qh4 Qd5 18. f3 Rac8 19. Re5 Qd7 20. Qe1 Bd5 21. Ba6 Ra8 22. Qe2 h6 23. Bh4 Rfe8 24. Re1 Rab8 25. a4 Rf8 26. Bf2 Qd6 27. c4 Bb7 28. Rxe6 Qa3 29. Bb5 a6 30. Bd7 Rbd8 31. Re7 Qd6 32. Qe6+ Qxe6 33. Bxe6+ Kh8 34. Rb1 Bc6 35. Rxb6 Bxa4 36. Rxa6 Nb3 37. d5 Nd2 38. c5 Bb5 39. Raa7 Nc4 40. Rxg7 1-0

[Event "FIDE WCC Blitz Women 2019"]
[Site "Moscow"]
[Date "2019.12.30"]
[Round "15.39"]
[White "Fominykh, Maria"]
[Black "Tomilova, Elena"]
[Result "1-0"]
[WhiteElo "2055"]
[BlackElo "2219"]
[Annotator "NA"]
[PlyCount "103"]
[EventDate "2019.12.29"]
[EventType "swiss"]
[EventCountry "RUS"]
[SourceTitle "playchess.com"]
[Source "ChessBase"]
[SourceQuality "1"]

1. Nf3 d5 2. g3 Nf6 3. Bg2 c6 4. b3 Bf5 5. Bb2 e6 6. O-O h6 7. d3 Nbd7 8. Nbd2 Be7 9. Qe1 O-O 10. e4 Bh7 11. Qe2 a5 12. a3 Qc7 13. Rac1 dxe4 14. dxe4 e5 15. Ne1 Rfe8 16. Nd3 Bf8 17. a4 Rad8 18. Nc4 b5 19. axb5 cxb5 20. Ne3 Nc5 21. Nxc5 Bxc5 22. Nd5 Nxd5 23. exd5 Qb6 24. Kh1 e4 25. Qg4 Bd4 26. Bxd4 Qxd4 27. c4 Qe5 28. Qe2 bxc4 29. bxc4 Rb8 30. Rfd1 Rb2 31. Rd2 Reb8 32. Rcd1 Rxd2 33. Qxd2 a4 34. d6 Bf5 35. Qa2 Rd8 36. Qxa4 Rxd6 37. Rxd6 Qxd6 38. Qa8+ Kh7 39. Bxe4 Qd1+ 40. Kg2 Qd7 41. Bxf5+ Qxf5 42. Qd5 Qc2 43. Qxf7 Qe4+ 44. Kh3 Qd4 45. Qf5+ Kh8 46. Qf8+ Kh7 47. Qf5+ Kh8 48. Qf4 Qd7+ 49. Kg2 Qc6+ 50. f3 Qc5 51. Qe4 Qb4 52. Qd5 1-0

[Event "FIDE WCC Blitz Women 2019"]
[Site "Moscow"]
[Date "2019.12.30"]
[Round "15.40"]
[White "Kovanova, Baira"]
[Black "Zhuravleva, Olga"]
[Result "1-0"]
[WhiteElo "2218"]
[BlackElo "2127"]
[Annotator "NA"]
[PlyCount "64"]
[EventDate "2019.12.29"]
[EventType "swiss"]
[EventCountry "RUS"]
[SourceTitle "playchess.com"]
[Source "ChessBase"]
[SourceQuality "1"]

1. Nf3 Nf6 2. d4 e6 3. g3 b6 4. Bg2 Bb7 5. O-O c5 6. b3 cxd4 7. Qxd4 Qc7 8. c4 d6 9. Bb2 Be7 10. Nc3 a6 11. e4 O-O 12. Rfe1 Nbd7 13. Rad1 Rfe8 14. Qd2 Rac8 15. Nd4 Nc5 16. f4 Bf8 17. h3 h6 18. Qf2 Qb8 19. e5 dxe5 20. fxe5 Nh7 21. Kh2 Qa8 22. Bxb7 Qxb7 23. h4 Rcd8 24. b4 Nd7 25. a3 Rc8 26. Qe2 Be7 27. Ne4 Qb8 28. Nxe6 Nxe5 29. Nf4 Nxc4 30. Bd4 Nd6 31. Qg4 Bf8 32. Nh5 f6 1-0

[Event "FIDE WCC Blitz Women 2019"]
[Site "Moscow"]
[Date "2019.12.30"]
[Round "15.41"]
[White "Lysenko, Margarita"]
[Black "Borisova, Ekaterina"]
[Result "0-1"]
[WhiteElo "2188"]
[BlackElo "2029"]
[Annotator "NA"]
[PlyCount "92"]
[EventDate "2019.12.29"]
[EventType "swiss"]
[EventCountry "RUS"]
[SourceTitle "playchess.com"]
[Source "ChessBase"]
[SourceQuality "1"]

1. d4 Nf6 2. c4 e6 3. Nc3 Bb4 4. f3 c5 5. d5 O-O 6. e4 d6 7. Nge2 exd5 8. cxd5 a6 9. Ng3 b5 10. Be2 Nbd7 11. O-O c4 12. Kh1 Re8 13. Nf5 Ne5 14. Nd4 Bd7 15. Bg5 h6 16. Bh4 Bc5 17. Nf5 Ng6 18. Bg3 Bxf5 19. exf5 Ne7 20. Ne4 Nexd5 21. Qb1 Qd7 22. Rd1 Qe7 23. Nxc5 dxc5 24. Re1 Qb7 25. a4 Nh5 26. Bf2 Nhf4 27. Bf1 Qc6 28. Qc2 Nb4 29. Qc3 Nfd3 30. Rxe8+ Rxe8 31. Bg1 Qd5 32. axb5 axb5 33. Rb1 Qxf5 34. Ra1 Nd5 35. Qa5 Qd7 36. b4 cxb4 37. Rd1 Nc3 38. Rd2 Qd6 39. Bxd3 cxd3 40. Qa7 Ne2 41. Qb6 Qxb6 42. Bxb6 Nc1 43. g4 Re1+ 44. Kg2 Re2+ 45. Rxe2 Nxe2 46. Kf2 b3 0-1

[Event "FIDE WCC Blitz Women 2019"]
[Site "Moscow"]
[Date "2019.12.30"]
[Round "15.42"]
[White "Tsogzolmaa, Nanjid"]
[Black "Gevorgyan, Maria"]
[Result "1-0"]
[WhiteElo "1775"]
[BlackElo "2244"]
[Annotator "NA"]
[PlyCount "67"]
[EventDate "2019.12.29"]
[EventType "swiss"]
[EventCountry "RUS"]
[SourceTitle "playchess.com"]
[Source "ChessBase"]
[SourceQuality "1"]

1. d4 d5 2. Nf3 Nf6 3. Bf4 c5 4. e3 Nc6 5. Nbd2 Qb6 6. dxc5 Qxb2 7. Rb1 Qc3 8. Bb5 Qxc5 9. O-O Bd7 10. c4 a6 11. Nb3 Qa7 12. Bxc6 Bxc6 13. Nfd4 e6 14. Na5 Rc8 15. Ndxc6 bxc6 16. cxd5 Nxd5 17. Be5 Bb4 18. e4 Bxa5 19. exd5 O-O 20. dxe6 fxe6 21. Qd6 Qf7 22. Qd3 Qf5 23. Qe2 Bd8 24. Rb7 Bh4 25. Rxg7+ Kh8 26. Rg5+ Qxe5 27. Rxe5 Rcd8 28. Rxe6 Rb8 29. Qe5+ Kg8 30. Qe4 Bxf2+ 31. Kh1 Be3 32. Rxf8+ Rxf8 33. Qxe3 Rf1+ 34. Qg1 1-0

[Event "FIDE WCC Blitz Women 2019"]
[Site "Moscow"]
[Date "2019.12.30"]
[Round "15.43"]
[White "Geller, Anastasiya"]
[Black "Assaubayeva, Bibisara"]
[Result "1-0"]
[WhiteElo "2073"]
[BlackElo "2323"]
[Annotator "NA"]
[PlyCount "107"]
[EventDate "2019.12.29"]
[EventType "swiss"]
[EventCountry "RUS"]
[SourceTitle "playchess.com"]
[Source "ChessBase"]
[SourceQuality "1"]

1. e4 e5 2. Nf3 Nc6 3. d4 exd4 4. Nxd4 Nf6 5. Nc3 Bb4 6. Nxc6 bxc6 7. Qd4 Qe7 8. f3 Bc5 9. Qd3 d5 10. Bg5 h6 11. Bxf6 Qxf6 12. exd5 O-O 13. O-O-O Bf5 14. Qc4 Be3+ 15. Kb1 c5 16. Bd3 Rab8 17. Bxf5 Qxf5 18. Qe4 Qxe4 19. Nxe4 f5 20. Nd2 Rfd8 21. Nc4 Bd4 22. Kc1 Rd7 23. c3 Bf6 24. Rd3 Rbd8 25. Rhd1 Kf7 26. Kc2 g6 27. f4 Re7 28. d6 cxd6 29. Nxd6+ Kg8 30. Nc4 Rde8 31. g3 a6 32. Rd6 Kg7 33. Rxa6 g5 34. Rc6 Re4 35. Nd6 Re2+ 36. Rd2 Rxd2+ 37. Kxd2 Rb8 38. Kc2 Kg6 39. Rxc5 gxf4 40. gxf4 Be7 41. Rc6 Kh7 42. Nxf5 Bf8 43. a4 Re8 44. Nd4 Ra8 45. b3 Bg7 46. Rc7 Kg6 47. f5+ Kf6 48. Rc6+ Kf7 49. Kd3 Be5 50. h4 h5 51. Rh6 Rg8 52. Rxh5 Rg3+ 53. Kc4 Rg4 54. a5 1-0

[Event "FIDE WCC Blitz Women 2019"]
[Site "Moscow"]
[Date "2019.12.30"]
[Round "15.44"]
[White "Protopopova, Anastasiya"]
[Black "Mammadzada, Gunay"]
[Result "0-1"]
[WhiteElo "2084"]
[BlackElo "2314"]
[Annotator "NA"]
[PlyCount "38"]
[EventDate "2019.12.29"]
[EventType "swiss"]
[EventCountry "RUS"]
[SourceTitle "playchess.com"]
[Source "ChessBase"]
[SourceQuality "1"]

1. d4 d5 2. c4 c6 3. Nf3 Nf6 4. Nc3 a6 5. e3 Bf5 6. cxd5 cxd5 7. Qb3 Ra7 8. Ne5 e6 9. e4 Bxe4 10. Qa4+ Nfd7 11. Nb5 Ra8 12. Bg5 f6 13. Rc1 axb5 14. Qxa8 Bb4+ 15. Kd1 Nxe5 16. dxe5 O-O 17. exf6 gxf6 18. Bh6 Qb6 19. Bxf8 Qd4+ 0-1

[Event "FIDE WCC Blitz Women 2019"]
[Site "Moscow"]
[Date "2019.12.30"]
[Round "15.45"]
[White "Paramzina, Anastasya"]
[Black "Nosacheva, Mariya"]
[Result "1-0"]
[WhiteElo "2203"]
[BlackElo "2062"]
[Annotator "NA"]
[PlyCount "41"]
[EventDate "2019.12.29"]
[EventType "swiss"]
[EventCountry "RUS"]
[SourceTitle "playchess.com"]
[Source "ChessBase"]
[SourceQuality "1"]

1. e4 e5 2. Nf3 Nc6 3. Bc4 Bc5 4. O-O Nf6 5. d3 O-O 6. Re1 Ng4 7. Re2 a6 8. h3 Nf6 9. a4 Bb6 10. c3 d5 11. exd5 Nxd5 12. Nbd2 Nf4 13. Rxe5 Nxe5 14. Nxe5 Qh4 15. d4 Nxg2 16. Ndf3 Qh5 17. Kxg2 Bxh3+ 18. Kg1 Rae8 19. Bf4 Kh8 20. Ng5 Rxe5 21. Qxh5 1-0

[Event "FIDE WCC Blitz Women 2019"]
[Site "Moscow"]
[Date "2019.12.30"]
[Round "15.46"]
[White "Shumilina, Alexandra"]
[Black "Barchuk, Irina"]
[Result "1-0"]
[WhiteElo "2139"]
[BlackElo "2047"]
[Annotator "NA"]
[PlyCount "79"]
[EventDate "2019.12.29"]
[EventType "swiss"]
[EventCountry "RUS"]
[SourceTitle "playchess.com"]
[Source "ChessBase"]
[SourceQuality "1"]

1. e4 c5 2. c3 Nf6 3. e5 Nd5 4. d4 cxd4 5. Qxd4 e6 6. Nf3 Nc6 7. Qe4 f5 8. Qe2 Be7 9. g3 O-O 10. Bg2 b6 11. O-O Bb7 12. c4 Nc7 13. Nc3 d5 14. Rd1 Nb4 15. a3 Nba6 16. b4 Qe8 17. cxd5 Nxd5 18. Nxd5 exd5 19. Nd4 Nc7 20. Bh3 g6 21. Bh6 Ba6 22. Qc2 Bc4 23. Bxf8 Bxf8 24. f4 Ne6 25. Nxe6 Qxe6 26. Bg2 Rc8 27. Rac1 b5 28. Bxd5 Bxd5 29. Qxc8 Qb6+ 30. Rc5 Be4 31. Rd8 Kg7 32. Rxf8 Kh6 33. Rd8 a5 34. Rd6 Qa7 35. Qc7 Qa8 36. Qxa5 Qg8 37. Qd8 Qa2 38. Qg5+ Kg7 39. Rd7+ Kf8 40. Rc8# 1-0

[Event "FIDE WCC Blitz Women 2019"]
[Site "Moscow"]
[Date "2019.12.30"]
[Round "15.47"]
[White "Semenova, Elena"]
[Black "Bulatova, Kamaliya"]
[Result "1-0"]
[WhiteElo "2114"]
[BlackElo "2038"]
[Annotator "NA"]
[PlyCount "79"]
[EventDate "2019.12.29"]
[EventType "swiss"]
[EventCountry "RUS"]
[SourceTitle "playchess.com"]
[Source "ChessBase"]
[SourceQuality "1"]

1. e4 c5 2. Nf3 d6 3. d4 cxd4 4. Qxd4 a6 5. c4 Nc6 6. Qe3 g6 7. h3 Bg7 8. Nc3 Nf6 9. Be2 O-O 10. O-O Bd7 11. Rd1 Rc8 12. Rb1 Na5 13. b3 b5 14. cxb5 Rxc3 15. Qxc3 Nxe4 16. Qc2 Nc3 17. bxa6 Nxb1 18. Qxb1 Nc6 19. Bb2 Bh6 20. a3 Be6 21. b4 Qb6 22. b5 Na5 23. Bd4 Qb8 24. b6 Nb3 25. a7 Qb7 26. Bd3 Bd5 27. Ne1 Nxd4 28. a4 Nc6 29. Qb5 e6 30. a5 Nd4 31. Qb2 Nc6 32. a6 Qa8 33. Bb5 Rb8 34. Nd3 Rxb6 35. Bxc6 Rxc6 36. Rb1 Rc8 37. Qb8 Bg7 38. Qxc8+ Qxc8 39. Rb8 Qxb8 40. axb8=Q+ 1-0